Informes generales acerca de los trabajos llevados a cabo en el establecimiento, de agosto de 1915 a septiembre de 1917 ; de enero a diciembre de 1917 ; de septiembre de 1917 a julio de 1918, y de agosto de 1918 a julio de 1919 / (Record no. 186492)

MARC details
000 -LEADER
campo de control de longitud fija 00812nam a2200157 i 4500
001 - NÚMERO DE CONTROL
campo de control 186492
003 - IDENTIFICADOR DE NÚMERO DE CONTROL
campo de control ES-MaACL
005 - FECHA Y HORA DE LA ÚLTIMA TRANSACCIÓN
campo de control 20230906222700.0
008 - DATOS DE LONGITUD FIJA--INFORMACIÓN GENERAL
campo de control de longitud fija 161118s1919 mx |||| | spa d
110 2# - ENTRADA PRINCIPAL--NOMBRE DE ENTIDAD CORPORATIVA
Nombre de entidad corporativa o nombre de jurisdicción como elemento de entrada Museo Nacional de Arqueología, Historia y Etnografía (México)
9 (RLIN) 161300
245 10 - MENCIÓN DEL TÍTULO
Título Informes generales acerca de los trabajos llevados a cabo en el establecimiento, de agosto de 1915 a septiembre de 1917 ; de enero a diciembre de 1917 ; de septiembre de 1917 a julio de 1918, y de agosto de 1918 a julio de 1919 /
Mención de responsabilidad, etc. Museo Nacional de Arqueología, Historia y Etnografía.
260 ## - PUBLICACIÓN, DISTRIBUCIÓN, ETC.
Lugar de publicación, distribución, etc. México :
Nombre del editor, distribuidor, etc. [s.n.],
Fecha de publicación, distribución, etc. 1919 (
Fabricante Antigua Imprenta de Murguia)
300 ## - DESCRIPCIÓN FÍSICA
Extensión 34 p., [1] h. de lám. ;
Dimensiones 27 cm.
594 ## - Nota al título y mención de responsabilidad
Nota al título y mención de responsabilidad Precede al tít.: Departamento Universitario y de Bellas Artes.
852 ## - LOCALIZACIÓN
Ubicación ES-MaACL
Número de control de estantería 1585-F-16
Holdings
Estatus retirado Estado de pérdida Estado de daño No para préstamo Colección Biblioteca de origen Biblioteca actual Ubicación en estantería Fecha de adquisición Fuente de adquisición Total de préstamos Signatura topográfica completa Código de barras Visto por última vez Precio de reemplazo Tipo de ítem Koha
        Colección de folletos Biblioteca del Ateneo de Madrid Biblioteca del Ateneo de Madrid Depósito folletos 18/11/2016     1585-F-16 1196657 23/02/2023 23/02/2023 Folleto